Star Wars : nový řád Jedi. Agenti chaosu. II, Zatmění síly /

Main Author: Luceno, James, 1947-
Language: Czech
Published: V Praze : Egmont, 2008
Edition: 1. vyd.
Online Access: Digitalizovaný dokument
Physical Description: 240 s. ; 18 cm
Book
Saved in:
LEADER 01605cam a2200433 a 4500
001 nkc20081834217
003 CZ PrNK
005 20090505103459.0
007 ta
008 080801s2008 xr g 000 f cze d
015 |a cnb001834217 
020 |a 978-80-252-1074-1  |q (brož.) 
035 |a (OCoLC)320210297 
040 |a CLG001  |b cze  |d CBA001  |d ABA001  |d OLA001 
041 1 |a cze  |h eng 
072 7 |a 821.111(73)-3  |x Americká próza  |2 Konspekt  |9 25 
080 |a 821.111(73)-31  |2 MRF 
080 |a (0:82-311.9)  |2 MRF 
100 1 |a Luceno, James,  |d 1947-  |7 mzk2005286603  |4 aut 
245 1 0 |a Star Wars :  |b nový řád Jedi.  |p Agenti chaosu.  |n II,  |p Zatmění síly /  |c James Luceno ; [z anglického originálu ... přeložil Milan Pohl] 
246 3 0 |a Nový řád Jedi 
246 3 0 |a Star Wars - Agenti chaosu 
246 3 0 |a Agenti chaosu 
246 3 0 |a Zatmění síly 
250 |a 1. vyd. 
260 |a V Praze :  |b Egmont,  |c 2008 
300 |a 240 s. ;  |c 18 cm 
500 |a Název z obálky 
655 7 |a americké romány  |7 fd131796  |2 czenas 
655 7 |a vědecko-fantastické romány  |7 fd133847  |2 czenas 
655 9 |a American fiction  |2 eczenas 
655 9 |a science fiction novels  |2 eczenas 
765 0 |t Star Wars - the new Jedi order. Agents of chaos II. Jedi eclipse  |9 Česky 
856 4 1 |u http://www.digitalniknihovna.cz/mzk/uuid/uuid:d32872b0-1346-11e5-ac88-005056827e51  |y Digitalizovaný dokument  |x NDK 
910 2 |a BOA001  |b 1-1212.768,2 
990 |a BK 
995 |a 01 
991 |b 200903 
996 6 |b 2610369794  |c 1-1212.768,2  |l MZK  |r Sklad / do 1 hodiny  |n 0  |p p.v.  |w 000931166  |u 000010  |a 1  |e BOA001  |j MZK50  |s P